书目信息 |
| 题名: |
产品三维CAD工具——Unigraphics NX基础与应用
|
|
| 作者: | 莫蓉 编著 | |
| 分册: | ||
| 出版信息: | 北京 机械工业出版社 2005.01 |
|
| 页数: | 483页 | |
| 开本: | 26cm | |
| 丛书名: | ||
| 单 册: | ||
| 中图分类: | TB472 , TB872 | |
| 科图分类: | ||
| 主题词: | 工业技术--ji xie she ji--计算机辅助设计--图形软件, Unigraphics NX--通用 , 工业--设备--通用性 , 摄影技术 | |
| 电子资源: | ||
| ISBN: | 7-111-14038-9 | |
| 000 | 00848cam0 2200277 45 | |
| 001 | 12442 | |
| 005 | 20050531162336.0 | |
| 010 | @a7-111-14038-9@d43.00CNY | |
| 099 | @aCAL 012004039885 | |
| 100 | @a20040417d2005 em y0chiy0121 ea | |
| 101 | 0 | @achi |
| 102 | @aCN@b110000 | |
| 105 | @aak z 000yy | |
| 200 | 1 | @a产品三维CAD工具——Unigraphics NX基础与应用@Achan pin san wei CAD gong ju——Unigraphics NX ji chu yu ying yong@f莫蓉编著 |
| 210 | @a北京@c机械工业出版社@d2005.01 | |
| 215 | @a483页@c图@d26cm | |
| 606 | 0 | @a工业技术@Aji xie she ji@x计算机辅助设计@x图形软件, Unigraphics NX@x通用 |
| 606 | 0 | @a工业@x设备@x通用性 |
| 606 | 0 | @a摄影技术 |
| 690 | @aTB472@v4 | |
| 690 | @aTB872@v3 | |
| 701 | 0 | @a莫蓉@Amo rong@4编著 |
| 801 | 0 | @aCN@bBUPT@c20040417 |
| 905 | @a10447@dTB872@eM872 | |
| 906 | @dCNY43.00@n0@r1 | |
| 998 | @aBUPT | |
| 产品三维CAD工具——Unigraphics NX基础与应用/莫蓉编著.-北京:机械工业出版社,2005.01 |
| 483页:图;26cm |
| ISBN 7-111-14038-9:43.00CNY |
| ● |
| 相关链接 |
|
|
|
正题名:产品三维CAD工具——Unigraphics NX基础与
索取号:TB872/M872
 
预约/预借
| 序号 | 登录号 | 条形码 | 馆藏地/架位号 | 状态 | 备注 |
| 1 | 530820 | 205308200 | 自科二线400A/400A自科库 28排2列4层/ [索取号:TB872/M872] | 在馆 | |
| 2 | 530821 | 205308219 | 自科二线400A/400A自科库 28排2列4层/ [索取号:TB872/M872] | 在馆 | |
| 3 | 530822 | 205308228 | 自科二线400A/400A自科库 28排1列1层/ [索取号:TB872/M872] | 在馆 | |
| 4 | 530823 | 205308237 | 自科库501/501自科库 16排3列1层/ [索取号:TB872/M872] | 在馆 | |
| 5 | 530824 | 205308246 | 期刊室512/501自科库 16排2列3层/ [索取号:TB872/M872] | 在馆 |